| 000 | 00352nam a22001457a 4500 | ||
|---|---|---|---|
| 082 |
_a624.15136 _bPUN _cL-16, p-47 |
||
| 100 |
_aPunmia _942568 |
||
| 245 | _aSoil Mechames & Found | ||
| 250 | _a6th | ||
| 260 | _c1980 | ||
| 300 |
_axxiii. 873. p : _bill. _c33cm |
||
| 526 |
_a0 _b0 _c0 _d624_151360000000000_PUN |
||
| 650 |
_aMCE _9379 |
||
| 942 |
_2ddc _cBK |
||
| 999 |
_c546445 _d546445 |
||